Pautas para una mejor determinación del resultado sectorial en las áreas de finanzas y comercialización (Registro nro. 23634)
[ vista simple ]
| 000 -LEADER | |
|---|---|
| fixed length control field | 00449 a2200121 4500 |
| 001 - CONTROL NUMBER | |
| control field | ART_9444 |
| 005 - DATE AND TIME OF LATEST TRANSACTION | |
| control field | 20260410161836.0 |
| 008 - FIXED-LENGTH DATA ELEMENTS--GENERAL INFORMATION | |
| fixed length control field | 260409a |
| 100 1# - MAIN ENTRY--PERSONAL NAME | |
| Personal name | Yardin, Amaro Ramón |
| 245 10 - TITLE STATEMENT | |
| Title | Pautas para una mejor determinación del resultado sectorial en las áreas de finanzas y comercialización |
| 700 1# - ADDED ENTRY--PERSONAL NAME | |
| Personal name | Rodríguez Jauregui, Hugo A. |
| 773 0# - HOST ITEM ENTRY | |
| Title | Contabilidad y administración |
| Related parts | - Año 4, Nº 45 (mar. 1981) |
| Record control number | REV5485 |
No hay ítems disponibles.